Riadenie teploty SMD pece

Guardado en:
Detalles Bibliográficos
Autor principal: Suchý, Martin, 1989- (Autor)
Otros Autores: Balogh, Richard, 1969- (Orientador)
Formato: Manuscrito Libro
Lenguaje:eslovaco
Publicado: Bratislava : STU v Bratislave FEI, 2012
Materias:
Acceso en línea:VAIS
Etiquetas: Agregar Etiqueta
Sin Etiquetas, Sea el primero en etiquetar este registro!

MARC

LEADER 00000ntm a22000003a 4500
001 stu253558
005 20150617230227.4
008 120818s2012----xo------------------slo-d
040 |a STU  |b slo 
041 0 |a slo 
044 |a xo 
100 1 |a Suchý, Martin,  |d 1989-  |4 aut  |u E  |T FEI Fakulta elektrotechniky a informatiky  |X 56028  |U E  |Y 30  |7 A000056028 
242 0 0 |a Control of Temperature in an SMD Reflow Oven  |y eng 
245 1 |a Riadenie teploty SMD pece 
260 |a Bratislava :  |b STU v Bratislave FEI,  |c 2012 
300 |a 53 s  |c CD-ROOM 
650 7 |a Industrial Informatics  |2 estusub 
650 7 |a SMD  |2 stusub 
650 7 |a spájkovanie  |2 stusub 
700 1 |a Balogh, Richard,  |d 1969-  |4 ths  |u E010  |T FEI Ústav riadenia a priemyselnej informatiky  |X 3706  |U E010  |Y E010  |7 A000003706 
856 4 |a info a plný text  |u http://is.stuba.sk/zp/portal_zp.pl?podrobnosti=78327  |3 VAIS 
996 |b 284ER01002  |c E*Bc-1002  |l EE23  |s P  |a 0  |w stu253558_0001